God of War (Norse Series) - Statistics

General Stats
  • This quiz has been taken 342 times
  • The average score is 9 of 15
Answer Stats
Hint Answer % Correct
The boy named Atreus has a name given by the giants. What is it? Loki
98%
"Do not be sorry. Be ......" Better
85%
Who is deemed "The smartest man alive"? MimIr
80%
Who bestowed the Leviathan axe upon Kratos? Faye
79%
In what realm did Kratos hide the Blades of Chaos? Midgard
79%
Who is the God of war in the Norse pantheon? Tyr
78%
The abscence of the moon prevents Skoll and Hati causing what event? Ragnarök
65%
The world tree surrounds and binds all the nine realms. What is it called? Yggdrasil
61%
What is the ring used to create a spear called? Draupnir
59%
What pantheon did Kratos come from? Greece
56%
The realm of first breath Niflheim
53%
"Baldur is ............ to all threats, physical or magical." Invulnerable
45%
Who is the "Herald of Ragnarök"? Heimdall
42%
Brok and Sindri are referred to as the what brothers? Huldra
34%
What was Baldur's vulnerability? Mistletoe arrows
9%
No matching quizzes found
Score Distribution
Percent of People with Each Score
Percentile by Number Answered
Your Score History
You have not taken this quiz